[Event "CAN-op"]
[Site "Sault Ste Marie CAN"]
[Date "2017.07.10"]
[Round "3"]
[White "Tarjan, James"]
[Black "Aryan, Chopra"]
[Result "0-1"]
[WhiteElo "2408"]
[BlackElo "2491"]
[WhiteFideId "-1"]
[WhiteFideId "-1"]
[PlyCount "120"]
[GameId "2160767908343821"]
[EventDate "2017.07.08"]
[EventType "swiss"]
[EventRounds "9"]
[EventCountry "CAN"]
[SourceTitle "EXT 2018"]
[Source "ChessBase"]
[SourceDate "2017.10.13"]
[SourceVersion "1"]
[SourceVersionDate "2017.10.13"]
[SourceQuality "1"]

1. c4 Nf6 2. Nc3 g6 3. g3 Bg7 4. Bg2 O-O 5. e4 c5 6. Nge2 Nc6 7. d3 Rb8 8. Be3 d6 9. h3 a6 10. a4 Ne8 11. d4 cxd4 12. Nxd4 Bd7 13. O-O Qc8 14. Nd5 Bxd4 15. Bxd4 Bxh3 16. Bc3 Bxg2 17. Kxg2 f6 18. a5 Rf7 19. b3 Nc7 20. Qe2 Nxd5 21. cxd5 Na7 22. Rac1 Qd7 23. Bb2 Re8 24. Qe3 Nb5 25. Rc4 h5 26. Qh6 Qg4 27. f3 Qg5 28. Qxg5 fxg5 29. Bc1 g4 30. fxg4 Rxf1 31. Kxf1 hxg4 32. Bf4 Kf7 33. e5 dxe5 34. Bxe5 Rd8 35. Rc5 e6 36. dxe6+ Kxe6 37. Bf4 Rd5 38. Rc4 Kf5 39. Be3 g5 40. Rc8 Nd6 41. Rd8 Ke4 42. Kf2 Nf5 43. Re8+ Re5 44. Rxe5+ Kxe5 45. b4 Kd5 46. Bxg5 Kc4 47. Bf4 Kxb4 48. Bc7 Kc3 49. Ke2 Kd4 50. Bb6+ Ke4 51. Bc7 Nd4+ 52. Kf2 Kd3 53. Bb6 Nf3 54. Bc7 Ng5 55. Bb6 Ne4+ 56. Kg2 Ke2 57. Bc7 Nc3 58. Bb6 Nd5 59. Bc5 Ne3+ 60. Kh2 Nc4 0-1

[Event "CAN-op"]
[Site "Sault Ste Marie CAN"]
[Date "2017.07.10"]
[Round "3.1"]
[White "Vovk, Andrey"]
[Black "Cherniaev, Alexander"]
[Result "1/2-1/2"]
[WhiteElo "2630"]
[BlackElo "2426"]
[WhiteFideId "-1"]
[WhiteFideId "-1"]
[PlyCount "48"]
[GameId "2160767908343822"]
[EventDate "2017.07.08"]
[EventType "swiss"]
[EventRounds "9"]
[EventCountry "CAN"]
[SourceTitle "hb 2017"]

1. e4 c5 2. Nf3 Nc6 3. d4 cxd4 4. Nxd4 Nf6 5. Nc3 e5 6. Ndb5 d6 7. Bg5 a6 8. Na3 b5 9. Bxf6 gxf6 10. Nd5 f5 11. exf5 Bxf5 12. c3 Bg7 13. Nc2 Ne7 14. Nce3 Be6 15. g3 Nxd5 16. Nxd5 O-O 17. Bg2 a5 18. O-O f5 19. Re1 Rb8 20. Qd2 Kh8 21. Rad1 Qd7 22. Qe2 Qf7 23. Rd2 e4 24. Red1 Bh6 1/2-1/2

[Event "CAN-op"]
[Site "Sault Ste Marie CAN"]
[Date "2017.07.10"]
[Round "3.8"]
[White "Itkin, David"]
[Black "Ragnarsson, Dagur"]
[Result "0-1"]
[WhiteElo "2181"]
[BlackElo "2355"]
[WhiteFideId "-1"]
[WhiteFideId "-1"]
[PlyCount "58"]
[GameId "2160767908343828"]
[EventDate "2017.07.08"]
[EventType "swiss"]
[EventRounds "9"]
[EventCountry "CAN"]
[SourceTitle "hb 2017"]

1. e4 e6 2. d4 d5 3. Nc3 Nf6 4. Bg5 dxe4 5. Nxe4 Be7 6. Bxf6 gxf6 7. Nf3 f5 8. Ng3 c5 9. dxc5 Qa5+ 10. c3 Qxc5 11. Qd2 Nc6 12. O-O-O e5 13. Kb1 h5 14. h4 Be6 15. Ng5 Rd8 16. Qe1 Rxd1+ 17. Qxd1 Qxf2 18. Nxh5 Bxg5 19. hxg5 Ke7 20. Rh3 f4 21. Rf3 Qh4 22. Nf6 Rd8 23. Bd3 Qxg5 24. Ne4 Qxg2 25. Rf1 Bc4 26. Nf2 e4 27. Re1 Ne5 28. Qa4 Qxf2 29. Qb4+ Kf6 0-1

[Event "CAN-op"]
[Site "Sault Ste Marie CAN"]
[Date "2017.07.10"]
[Round "3.11"]
[White "Shen, Christopher"]
[Black "Sundar, Avinaash"]
[Result "1-0"]
[WhiteElo "2165"]
[BlackElo "2073"]
[WhiteFideId "-1"]
[WhiteFideId "-1"]
[PlyCount "73"]
[GameId "2160767908343830"]
[EventDate "2017.07.08"]
[EventType "swiss"]
[EventRounds "9"]
[EventCountry "CAN"]
[SourceTitle "hb 2017"]

1. c4 Nf6 2. g3 e6 3. Bg2 d5 4. Nf3 Bd6 5. d4 O-O 6. O-O c6 7. b3 Re8 8. Bb2 b6 9. Nc3 Bb7 10. Re1 c5 11. cxd5 exd5 12. dxc5 bxc5 13. e3 Na6 14. Rc1 Qa5 15. Nh4 Rad8 16. Na4 Be5 17. Bxe5 Rxe5 18. Qc2 Ne4 19. Qb2 d4 20. exd4 cxd4 21. Nf3 Rf5 22. Nh4 Rxf2 23. Qb1 Rxg2+ 24. Nxg2 Nd2 25. Qd3 Nf3+ 26. Kf2 Nxe1 27. Nxe1 Nb4 28. Qd2 Qf5+ 29. Kg1 Ba6 30. Ng2 Nd3 31. Rf1 Qe4 32. Qa5 Rd6 33. Qc7 Qd5 34. Nc5 Nxc5 35. Nf4 Ne6 36. Qe7 g6 37. Nxd5 1-0

[Event "CAN-op"]
[Site "Sault Ste Marie CAN"]
[Date "2017.07.10"]
[Round "3.12"]
[White "Fradkin, Benjamin"]
[Black "Henry, Liam"]
[Result "0-1"]
[WhiteElo "1868"]
[BlackElo "2082"]
[WhiteFideId "-1"]
[WhiteFideId "-1"]
[PlyCount "58"]
[GameId "2160767908343831"]
[EventDate "2017.07.08"]
[EventType "swiss"]
[EventRounds "9"]
[EventCountry "CAN"]
[SourceTitle "hb 2017"]

1. d4 Nf6 2. Bf4 g6 3. Nf3 Bg7 4. h3 O-O 5. e3 d6 6. Be2 Nfd7 7. O-O e5 8. Bh2 Nc6 9. d5 Ne7 10. c4 h6 11. Nc3 f5 12. Rc1 g5 13. b4 Ng6 14. Ne1 Rf7 15. c5 Nf6 16. Qc2 Bf8 17. Nd3 Rg7 18. Rfd1 g4 19. cxd6 cxd6 20. h4 Nxh4 21. Nxe5 dxe5 22. Bxe5 Nf3+ 23. Bxf3 gxf3 24. g3 Bd6 25. Bxd6 Qxd6 26. Nb5 Rxg3+ 27. fxg3 Qxg3+ 28. Kh1 Ng4 29. d6 f2 0-1

[Event "CAN-op"]
[Site "Sault Ste Marie CAN"]
[Date "2017.07.10"]
[Round "3.13"]
[White "Mills, Morgon"]
[Black "Kiviaho, Robert"]
[Result "1-0"]
[WhiteElo "2011"]
[BlackElo "2141"]
[WhiteFideId "-1"]
[WhiteFideId "-1"]
[PlyCount "177"]
[GameId "2160767908343832"]
[EventDate "2017.07.08"]
[EventType "swiss"]
[EventRounds "9"]
[EventCountry "CAN"]
[SourceTitle "hb 2017"]

1. e4 c5 2. Nf3 d6 3. Bb5+ Bd7 4. Bxd7+ Qxd7 5. O-O Nc6 6. Qe2 g6 7. Rd1 Bg7 8. c3 Rc8 9. h3 e6 10. Na3 Nge7 11. d4 cxd4 12. cxd4 d5 13. e5 a6 14. Nc2 Nf5 15. Bf4 h5 16. Rac1 Qd8 17. Rd3 Na5 18. Nce1 Rxc1 19. Bxc1 Bh6 20. Bxh6 Rxh6 21. Qd2 Rh8 22. Qb4 Ne7 23. Rc3 Nec6 24. Qa4 Kf8 25. Qd1 Kg7 26. b3 Qe7 27. Nd3 Nb4 28. Nxb4 Qxb4 29. Qc2 Nc6 30. Rd3 Rc8 31. Qe2 Qb5 32. Qe3 Nb4 33. Rd2 Qd7 34. Qf4 Qe7 35. Kh2 b5 36. Re2 Rc3 37. Ne1 Nc6 38. Nf3 b4 39. Ng5 a5 40. h4 Na7 41. Re3 Nb5 42. g4 hxg4 43. Qxg4 Rxe3 44. fxe3 Qf8 45. Kg3 Kg8 46. Qe2 Qe8 47. h5 Nc3 48. Qg4 gxh5 49. Qxh5 Ne4+ 50. Nxe4 dxe4 51. Qg4+ Kf8 52. Qxe4 Qc8 53. Kf3 Kg7 54. Qg4+ Kf8 55. Kf2 Qc2+ 56. Qe2 Qc6 57. Kg3 Qc7 58. Kf4 Ke7 59. Qg2 Kf8 60. Qa8+ Kg7 61. d5 exd5 62. Qxd5 Qc2 63. Qxa5 Qf2+ 64. Ke4 Qc2+ 65. Kd5 Qd3+ 66. Kc5 Qxe3+ 67. Kxb4 Qd2+ 68. Kb5 Qd5+ 69. Ka4 Qd7+ 70. Ka3 Kg6 71. Kb2 Qd4+ 72. Qc3 Qd5 73. a4 Kf5 74. a5 Qb5 75. Qf3+ Kxe5 76. Qxf7 Kd6 77. Qf6+ Kc7 78. Qc3+ Kb7 79. Ka3 Ka7 80. Qc7+ Ka8 81. Qb6 Qf1 82. Qd4 Qc1+ 83. Qb2 Qc5+ 84. b4 Qe3+ 85. Ka4 Qe4 86. Qc3 Qe8+ 87. Ka3 Qb5 88. Qc8+ Ka7 89. Qc5+ 1-0

[Event "CAN-op"]
[Site "Sault Ste Marie CAN"]
[Date "2017.07.10"]
[Round "3.14"]
[White "Doubleday, William"]
[Black "Chakkoli, Shiva"]
[Result "0-1"]
[WhiteElo "1950"]
[BlackElo "2075"]
[WhiteFideId "-1"]
[WhiteFideId "-1"]
[PlyCount "122"]
[GameId "2160767908343833"]
[EventDate "2017.07.08"]
[EventType "swiss"]
[EventRounds "9"]
[EventCountry "CAN"]
[SourceTitle "hb 2017"]

1. d4 Nf6 2. c4 g6 3. Nc3 d5 4. Nf3 Bg7 5. Bg5 e6 6. e3 O-O 7. Be2 c6 8. O-O dxc4 9. Bxc4 b5 10. Be2 Qb6 11. Rc1 Nbd7 12. Qc2 Bb7 13. Rfd1 Rac8 14. b4 a5 15. a3 Rfe8 16. Qb3 axb4 17. axb4 h6 18. Bf4 Bf8 19. e4 Ra8 20. Ne1 Ra6 21. Nd3 Rea8 22. Nc5 Ra3 23. Qc2 Bc8 24. h4 Qd8 25. g3 Qe7 26. Qb2 e5 27. dxe5 Ne8 28. e6 fxe6 29. Be3 Bg7 30. Nxd7 Bxd7 31. Bc5 Qf7 32. Qd2 Bc8 33. f4 Bxc3 34. Rxc3 Ra2 35. Rc2 R2a3 36. Kh2 e5 37. Rf1 Qb3 38. Rf3 Qb1 39. fxe5 Rxf3 40. Bxf3 Ra1 41. Bg2 Kh7 42. Rb2 Qd1 43. Ra2 Ng7 44. Qxd1 Rxd1 45. Ra7 Rd7 46. Ra8 Rd8 47. Bd6 Re8 48. Ra7 Be6 49. Bh3 Kg8 50. Rc7 Bc4 51. Rxc6 Ra8 52. Bc5 Ra2+ 53. Kh1 Bd3 54. Rc8+ Kh7 55. Bg2 Ra1+ 56. Bg1 Nh5 57. Rc7+ Kg8 58. Kh2 Ra2 59. Kh3 Ra3 60. Bh2 Be2 61. Rc2 Nf4# 0-1

[Event "CAN-op"]
[Site "Sault Ste Marie CAN"]
[Date "2017.07.11"]
[Round "4"]
[White "Mulyar, Michael"]
[Black "Shen, Christopher"]
[Result "1-0"]
[WhiteElo "2395"]
[BlackElo "2165"]
[WhiteFideId "-1"]
[WhiteFideId "-1"]
[PlyCount "67"]
[GameId "2160767908343836"]
[EventDate "2017.07.08"]
[EventType "swiss"]
[EventRounds "9"]
[EventCountry "CAN"]
[SourceTitle "EXT 2018"]
[Source "ChessBase"]
[SourceDate "2017.10.13"]
[SourceVersion "1"]
[SourceVersionDate "2017.10.13"]
[SourceQuality "1"]

1. d4 Nf6 2. Nf3 g6 3. c4 Bg7 4. g3 O-O 5. Bg2 d6 6. O-O Nc6 7. Nc3 a6 8. d5 Na5 9. b3 Rb8 10. Nd4 Bd7 11. Bb2 c5 12. dxc6 Nxc6 13. e4 Qa5 14. Nd5 Nxd5 15. exd5 Ne5 16. a4 Qb4 17. Qc2 Rfc8 18. Rfc1 Qb6 19. a5 Qa7 20. Qd2 b6 21. axb6 Qxb6 22. Bc3 h5 23. h3 f5 24. Kh1 Nf7 25. Nc6 Bxc6 26. dxc6 Ne5 27. c5 Qd8 28. cxd6 exd6 29. Bxe5 Bxe5 30. Qh6 Kf7 31. Qh7+ Kf6 32. c7 Rxc7 33. Rxc7 Bxa1 34. Qg7+ 1-0

[Event "CAN-op"]
[Site "Sault Ste Marie CAN"]
[Date "2017.07.11"]
[Round "4.3"]
[White "Lenderman, Aleksandr"]
[Black "Vovk, Andrey"]
[Result "1/2-1/2"]
[WhiteElo "2585"]
[BlackElo "2630"]
[WhiteFideId "-1"]
[WhiteFideId "-1"]
[PlyCount "76"]
[GameId "2160767908343840"]
[EventDate "2017.07.08"]
[EventType "swiss"]
[EventRounds "9"]
[EventCountry "CAN"]
[SourceTitle "hb 2017"]

1. d4 Nf6 2. c4 g6 3. Nc3 Bg7 4. e4 d6 5. Nf3 O-O 6. Be2 e5 7. O-O Nbd7 8. Qc2 Ng4 9. d5 a5 10. Ne1 Nh6 11. f3 f5 12. Nd3 f4 13. Bd2 g5 14. h3 Rf6 15. a3 Nf7 16. Rac1 h5 17. c5 dxc5 18. Nd1 b6 19. b4 axb4 20. axb4 Bf8 21. N1f2 Ba6 22. bxc5 Nxc5 23. Ra1 Nxd3 24. Bxd3 Bxd3 25. Nxd3 Rxa1 26. Rxa1 g4 27. hxg4 hxg4 28. fxg4 Rg6 29. Qd1 c6 30. Ra7 Bc5+ 31. Nxc5 bxc5 32. Ba5 Qb8 33. Rd7 cxd5 34. Qxd5 Qb1+ 35. Kf2 Qb2+ 36. Kf1 Qb5+ 37. Kf2 Qb2+ 38. Kf1 Qb5+ 1/2-1/2

[Event "CAN-op"]
[Site "Sault Ste Marie CAN"]
[Date "2017.07.11"]
[Round "4.6"]
[White "Ragnarsson, Dagur"]
[Black "Shi, Diwen"]
[Result "1-0"]
[WhiteElo "2316"]
[BlackElo "2293"]
[WhiteFideId "-1"]
[WhiteFideId "-1"]
[PlyCount "67"]
[GameId "2160767908343842"]
[EventDate "2017.07.08"]
[EventType "swiss"]
[EventRounds "9"]
[EventCountry "CAN"]
[SourceTitle "hb 2017"]

1. d4 Nf6 2. c4 Nc6 3. Nf3 e6 4. a3 d6 5. Nc3 g6 6. g3 Bg7 7. Bg2 O-O 8. O-O Re8 9. Rb1 e5 10. d5 Na5 11. Nd2 b6 12. b4 Nb7 13. e4 a5 14. Nb3 Bg4 15. f3 Bd7 16. Be3 axb4 17. axb4 Ra3 18. Ra1 Qa8 19. Qc2 Qa7 20. Rxa3 Qxa3 21. Ra1 Qxb4 22. Na2 Qa4 23. Nac1 Ra8 24. Rxa4 Bxa4 25. Qa2 Nd7 26. Ne2 Nbc5 27. Nxc5 bxc5 28. Nc3 Nb6 29. Bf1 Kf8 30. Qb2 Bd7 31. Nb5 Rc8 32. Nxd6 Na4 33. Qb7 cxd6 34. Qxd7 1-0

[Event "CAN-op"]
[Site "Sault Ste Marie CAN"]
[Date "2017.07.11"]
[Round "4.10"]
[White "Henry, Liam"]
[Black "Chakkoli, Shiva"]
[Result "1-0"]
[WhiteElo "2215"]
[BlackElo "2075"]
[WhiteFideId "-1"]
[WhiteFideId "-1"]
[PlyCount "59"]
[GameId "2160767908343844"]
[EventDate "2017.07.08"]
[EventType "swiss"]
[EventRounds "9"]
[EventCountry "CAN"]
[SourceTitle "hb 2017"]

1. e4 Nc6 2. Nf3 e5 3. Bb5 d6 4. d4 Bd7 5. Nc3 a6 6. Bxc6 Bxc6 7. dxe5 Qd7 8. O-O O-O-O 9. Be3 f6 10. exd6 Bxd6 11. Qd4 b6 12. e5 Bxf3 13. exd6 Bb7 14. Rad1 c5 15. Qd3 Kb8 16. Nd5 Qc6 17. c4 Ka7 18. b4 Qxd6 19. bxc5 bxc5 20. Qa3 Rc8 21. Nb4 Qe6 22. Nd3 Qe4 23. Bxc5+ Ka8 24. f3 Qxc4 25. Rc1 Qb5 26. Rb1 Qc6 27. Rb6 Qd7 28. Rxa6+ Bxa6 29. Qxa6+ Kb8 30. Rb1+ 1-0

[Event "CAN-op"]
[Site "Sault Ste Marie CAN"]
[Date "2017.07.11"]
[Round "4.11"]
[White "Hua, Eugene"]
[Black "Wiebe, Daniel"]
[Result "1-0"]
[WhiteElo "2358"]
[BlackElo "2090"]
[WhiteFideId "-1"]
[WhiteFideId "-1"]
[PlyCount "83"]
[GameId "2160767908343845"]
[EventDate "2017.07.08"]
[EventType "swiss"]
[EventRounds "9"]
[EventCountry "CAN"]
[SourceTitle "hb 2017"]

1. e4 c5 2. Nf3 d6 3. d4 cxd4 4. Qxd4 a6 5. h3 Nf6 6. c4 g6 7. Be2 Bg7 8. O-O O-O 9. Nc3 Nbd7 10. Qe3 Qc7 11. Rb1 Nb6 12. b3 e6 13. Ba3 Re8 14. Rbc1 h6 15. Rfd1 d5 16. cxd5 exd5 17. Na4 Nc4 18. bxc4 Qa5 19. Qb3 b5 20. cxb5 Rxe4 21. Nc3 Be6 22. Nxe4 dxe4 23. Qb4 axb5 24. Qxa5 Rxa5 25. Bb4 Rxa2 26. Rd8+ Kh7 27. Nd4 Nd5 28. Bc5 Bf6 29. Re8 Nc7 30. Nxe6 fxe6 31. Rc8 Na6 32. Bxb5 Nxc5 33. R8xc5 h5 34. Rd1 Kh6 35. Bc6 e3 36. fxe3 Re2 37. Bf3 Rxe3 38. Rc4 Rb3 39. Rc6 Re3 40. Kf1 Bh4 41. Rc4 Bg3 42. Re4 1-0

[Event "CAN-op"]
[Site "Sault Ste Marie CAN"]
[Date "2017.07.11"]
[Round "4.12"]
[White "Itkin, David"]
[Black "Zhang, Henry"]
[Result "1-0"]
[WhiteElo "2315"]
[BlackElo "1914"]
[WhiteFideId "-1"]
[WhiteFideId "-1"]
[PlyCount "85"]
[GameId "2160767908343846"]
[EventDate "2017.07.08"]
[EventType "swiss"]
[EventRounds "9"]
[EventCountry "CAN"]
[SourceTitle "hb 2017"]

1. e4 c5 2. Nf3 e6 3. Nc3 Nc6 4. d4 cxd4 5. Nxd4 Qc7 6. Be2 a6 7. O-O Nf6 8. Kh1 Be7 9. f4 d6 10. a4 O-O 11. Nb3 b6 12. Bf3 Bb7 13. Be3 Rfe8 14. Qe1 Nd7 15. Rd1 Bf8 16. Qf2 Rab8 17. Rfe1 Bc8 18. Qg3 b5 19. axb5 axb5 20. Be2 Ba6 21. Ra1 Qb7 22. Na5 Qc7 23. Nxc6 Qxc6 24. Ra5 Nc5 25. Bxc5 dxc5 26. Rea1 Rb6 27. e5 h6 28. h3 c4 29. Bf3 Qc8 30. Ne4 Rd8 31. Qf2 Rc6 32. Nf6+ gxf6 33. Bxc6 Qxc6 34. Rxa6 Qd5 35. exf6 Qf5 36. Qh4 Qxc2 37. Ra8 Qd3 38. Rxd8 Qxd8 39. Ra7 Qd3 40. Ra8 Qg6 41. f5 exf5 42. Qd4 h5 43. Rxf8+ 1-0

[Event "CAN-op"]
[Site "Sault Ste Marie CAN"]
[Date "2017.07.11"]
[Round "4.13"]
[White "Munro, Allan"]
[Black "Mills, Morgon"]
[Result "0-1"]
[WhiteElo "2104"]
[BlackElo "2206"]
[WhiteFideId "-1"]
[WhiteFideId "-1"]
[PlyCount "46"]
[GameId "2160767908343847"]
[EventDate "2017.07.08"]
[EventType "swiss"]
[EventRounds "9"]
[EventCountry "CAN"]
[SourceTitle "hb 2017"]

1. e4 c6 2. Nc3 d5 3. Nf3 Nf6 4. e5 Ne4 5. Ne2 Qb6 6. d4 e6 7. Nfg1 f6 8. f3 Ng5 9. exf6 gxf6 10. f4 Ne4 11. c3 c5 12. a4 Nc6 13. Nf3 Bd7 14. Ng3 O-O-O 15. Bb5 Rg8 16. Qe2 Rxg3 17. hxg3 Nxg3 18. Qf2 Nxh1 19. Qh4 cxd4 20. Bxc6 bxc6 21. cxd4 e5 22. Be3 Qxb2 23. Rd1 Qxg2 0-1

[Event "CAN-op"]
[Site "Sault Ste Marie CAN"]
[Date "2017.07.11"]
[Round "4.14"]
[White "Sundar, Avinaash"]
[Black "Fradkin, Benjamin"]
[Result "1-0"]
[WhiteElo "2256"]
[BlackElo "2001"]
[WhiteFideId "-1"]
[WhiteFideId "-1"]
[PlyCount "83"]
[GameId "2160767908343848"]
[EventDate "2017.07.08"]
[EventType "swiss"]
[EventRounds "9"]
[EventCountry "CAN"]
[SourceTitle "hb 2017"]

1. Nf3 c6 2. c4 d5 3. b3 Bf5 4. Bb2 e6 5. g3 Nf6 6. Bg2 h6 7. O-O Be7 8. d3 O-O 9. Nbd2 Nbd7 10. Re1 Bh7 11. a3 Qc7 12. Rc1 Rad8 13. b4 Qb8 14. Qb3 e5 15. e4 d4 16. c5 g5 17. Nc4 b5 18. cxb6 axb6 19. Rc2 c5 20. b5 Ne8 21. Rf1 Kg7 22. Bc1 f6 23. Bh3 Bg8 24. Qa4 Nd6 25. Nfd2 Qc7 26. Nxd6 Bxd6 27. Nc4 Ra8 28. Qb3 Rfb8 29. Qb2 Nf8 30. f4 exf4 31. Nxd6 Qxd6 32. gxf4 Re8 33. Rg2 Nh7 34. Bf5 Kh8 35. Qe2 Qe7 36. Qh5 Qg7 37. h4 Bf7 38. Qf3 Rg8 39. fxg5 Nf8 40. Rff2 fxg5 41. hxg5 Qe5 42. Qh3 1-0

[Event "CAN-op"]
[Site "Sault Ste Marie CAN"]
[Date "2017.07.12"]
[Round "5"]
[White "Mulyar, Michael"]
[Black "Lenderman, Aleksandr"]
[Result "1/2-1/2"]
[WhiteElo "2395"]
[BlackElo "2585"]
[WhiteFideId "-1"]
[WhiteFideId "-1"]
[PlyCount "122"]
[GameId "2160767908343849"]
[EventDate "2017.07.08"]
[EventType "swiss"]
[EventRounds "9"]
[EventCountry "CAN"]
[SourceTitle "EXT 2018"]
[Source "ChessBase"]
[SourceDate "2017.10.13"]
[SourceVersion "1"]
[SourceVersionDate "2017.10.13"]
[SourceQuality "1"]

1. d4 Nf6 2. Nf3 d5 3. c4 e6 4. Nc3 Bb4 5. Bg5 Nbd7 6. cxd5 exd5 7. e3 c5 8. Bd3 Qa5 9. Qc2 c4 10. Bf5 O-O 11. O-O Re8 12. Nd2 Bxc3 13. bxc3 g6 14. Bh3 Kg7 15. f3 h6 16. Bxf6+ Nxf6 17. Bxc8 Rxe3 18. Bxb7 Rxc3 19. Qb2 Rb8 20. Rfb1 Re3 21. Qc1 Rc3 22. Qb2 Re3 23. Qc1 Rbe8 24. Nf1 Re1 25. Qxe1 Rxe1 26. Rxe1 Qb6 27. Rab1 Qxd4+ 28. Ne3 Qc5 29. Ba6 Qa5 30. Bb7 c3 31. Nxd5 Nxd5 32. Bxd5 Qxd5 33. Rbc1 Qd2 34. Red1 Qb2 35. Kf1 Kf6 36. Re1 c2 37. a4 a5 38. Ke2 Qc3 39. Rf1 Kf5 40. Rf2 Qb2 41. Kd2 Qd4+ 42. Ke2 Qxa4 43. Kf1 Qb5+ 44. Kg1 Qb6 45. g4+ Kg5 46. Rcxc2 a4 47. Kg2 a3 48. Rce2 Kh4 49. Rd2 Qb3 50. Rde2 h5 51. gxh5 Kxh5 52. Re8 f6 53. Ree2 Kg5 54. Rd2 Qc4 55. Ra2 Qb4 56. f4+ Kg4 57. h3+ Kh4 58. Rf3 Qb7 59. Raxa3 Qb2+ 60. Kg1 Qc1+ 61. Kg2 Qb2+ 1/2-1/2

[Event "CAN-op"]
[Site "Sault Ste Marie CAN"]
[Date "2017.07.12"]
[Round "5"]
[White "Tarjan, James"]
[Black "Perez Garcia, Rodney Oscar"]
[Result "1/2-1/2"]
[WhiteElo "2408"]
[BlackElo "2299"]
[WhiteFideId "-1"]
[WhiteFideId "-1"]
[PlyCount "53"]
[GameId "2160767908343850"]
[EventDate "2017.07.08"]
[EventType "swiss"]
[EventRounds "9"]
[EventCountry "CAN"]
[SourceTitle "EXT 2018"]
[Source "ChessBase"]
[SourceDate "2017.10.13"]
[SourceVersion "1"]
[SourceVersionDate "2017.10.13"]
[SourceQuality "1"]

1. c4 c6 2. Nf3 d5 3. g3 Nf6 4. Bg2 e6 5. O-O Nbd7 6. d4 Be7 7. b3 b6 8. Bb2 Bb7 9. Nc3 O-O 10. Rc1 Rc8 11. e3 Re8 12. Qe2 dxc4 13. Qxc4 c5 14. Rfd1 Qc7 15. dxc5 Qb8 16. Qf1 Bxc5 17. Nd2 Be7 18. Bxb7 Qxb7 19. Qg2 Qxg2+ 20. Kxg2 Nc5 21. Nf3 Red8 22. Ne5 Nfd7 23. Nxd7 Rxd7 24. Rxd7 Nxd7 25. Kf3 Kf8 26. Ke2 a6 27. Ne4 1/2-1/2

[Event "CAN-op"]
[Site "Sault Ste Marie CAN"]
[Date "2017.07.12"]
[Round "5"]
[White "Vovk, Andrey"]
[Black "Aryan, Chopra"]
[Result "1/2-1/2"]
[WhiteElo "2630"]
[BlackElo "2491"]
[WhiteFideId "-1"]
[WhiteFideId "-1"]
[PlyCount "85"]
[GameId "2160767908343851"]
[EventDate "2017.07.08"]
[EventType "swiss"]
[EventRounds "9"]
[EventCountry "CAN"]
[SourceTitle "EXT 2018"]
[Source "ChessBase"]
[SourceDate "2017.10.13"]
[SourceVersion "1"]
[SourceVersionDate "2017.10.13"]
[SourceQuality "1"]

1. e4 c5 2. Nf3 d6 3. d4 cxd4 4. Nxd4 Nf6 5. Nc3 a6 6. Be3 e5 7. Nb3 Be7 8. h3 Be6 9. f4 Nc6 10. Qe2 Bxb3 11. cxb3 exf4 12. Bxf4 Nd4 13. Qf2 Ne6 14. Be3 Rc8 15. Bb6 Qd7 16. Bc4 Bd8 17. O-O-O Bxb6 18. Qxb6 Qc7 19. Qxd6 Qxd6 20. Rxd6 Nc5 21. e5 Nfd7 22. b4 Ne4 23. Bxf7+ Ke7 24. Rd4 Nxc3 25. bxc3 Rxc3+ 26. Kd2 Rc7 27. Bb3 Rf8 28. Rg4 g6 29. Rh4 h5 30. e6 Nb6 31. Ke2 Nc8 32. Rd1 Nd6 33. Rhd4 Rc6 34. R1d2 b5 35. Bd5 Rcc8 36. g4 hxg4 37. hxg4 g5 38. a4 bxa4 39. Ba2 Rc6 40. Rd5 Ne4 41. Rd7+ Kf6 42. Rf7+ Rxf7 43. exf7 1/2-1/2

[Event "CAN-op"]
[Site "Sault Ste Marie CAN"]
[Date "2017.07.12"]
[Round "5.8"]
[White "Shi, Diwen"]
[Black "Hua, Eugene"]
[Result "1-0"]
[WhiteElo "2293"]
[BlackElo "2251"]
[WhiteFideId "-1"]
[WhiteFideId "-1"]
[PlyCount "93"]
[GameId "2160767908343857"]
[EventDate "2017.07.08"]
[EventType "swiss"]
[EventRounds "9"]
[EventCountry "CAN"]
[SourceTitle "hb 2017"]

1. e4 c5 2. Nf3 e6 3. d4 cxd4 4. Nxd4 Nc6 5. Nc3 Qc7 6. Be3 a6 7. Qf3 Bd6 8. O-O-O Be5 9. Nxc6 bxc6 10. Bd4 Nf6 11. Bxe5 Qxe5 12. Qg3 Qxg3 13. hxg3 d5 14. Bd3 h6 15. Rhe1 O-O 16. Na4 Nd7 17. c4 Bb7 18. c5 a5 19. Kb1 Rfe8 20. exd5 exd5 21. Bf5 Nf6 22. Nb6 Rad8 23. Kc2 Ba6 24. Nd7 Be2 25. Nxf6+ gxf6 26. Rc1 Re5 27. Bd3 Rde8 28. Kd2 Bxd3 29. Rxe5 fxe5 30. Kxd3 Rb8 31. b3 f6 32. Kc3 Kf7 33. a3 Ke6 34. Rh1 Rh8 35. g4 Kf7 36. b4 axb4+ 37. axb4 Ra8 38. Rxh6 Ra2 39. g5 fxg5 40. Rxc6 Rxf2 41. b5 Rf1 42. b6 Rb1 43. Kc2 Rb4 44. Rc7+ Ke6 45. b7 d4 46. Rc6+ Kd7 47. Rb6 1-0

[Event "CAN-op"]
[Site "Sault Ste Marie CAN"]
[Date "2017.07.12"]
[Round "5.9"]
[White "Mills, Morgon"]
[Black "Plotkin, Victor"]
[Result "0-1"]
[WhiteElo "2011"]
[BlackElo "2265"]
[WhiteFideId "-1"]
[WhiteFideId "-1"]
[PlyCount "70"]
[GameId "2160767908343858"]
[EventDate "2017.07.08"]
[EventType "swiss"]
[EventRounds "9"]
[EventCountry "CAN"]
[SourceTitle "hb 2017"]

1. e4 e5 2. Nf3 Nf6 3. d4 Nxe4 4. Bd3 d5 5. dxe5 Nc6 6. Bf4 Bc5 7. O-O Bg4 8. h3 Bh5 9. Bxe4 dxe4 10. Qxd8+ Rxd8 11. Nfd2 Bg6 12. c3 O-O 13. Nb3 Bb6 14. a4 a5 15. Na3 f6 16. exf6 Bf7 17. Nd2 e3 18. Nf3 exf2+ 19. Kh2 gxf6 20. Bg3 Ne5 21. Nxe5 fxe5 22. Bxf2 Rd2 23. Bxb6 cxb6 24. Rad1 Rfd8 25. Rxd2 Rxd2 26. Rf5 Bd5 27. Rg5+ Kf7 28. c4 Kf6 29. Rg3 Bc6 30. b3 e4 31. Nb1 Rb2 32. Nc3 Ke5 33. Nd1 Rd2 34. Nc3 Kd4 35. Kg1 e3 0-1

[Event "CAN-op"]
[Site "Sault Ste Marie CAN"]
[Date "2017.07.12"]
[Round "5.10"]
[White "Dougherty, Michael"]
[Black "Itkin, David"]
[Result "0-1"]
[WhiteElo "2204"]
[BlackElo "2181"]
[WhiteFideId "-1"]
[WhiteFideId "-1"]
[PlyCount "66"]
[GameId "2160767908343859"]
[EventDate "2017.07.08"]
[EventType "swiss"]
[EventRounds "9"]
[EventCountry "CAN"]
[SourceTitle "hb 2017"]

1. d4 Nf6 2. c4 g6 3. Nc3 Bg7 4. e4 d6 5. f4 O-O 6. Nf3 c5 7. d5 e6 8. Be2 exd5 9. cxd5 Nbd7 10. O-O Re8 11. e5 dxe5 12. fxe5 Nxe5 13. Bf4 Nfg4 14. Ng5 c4 15. Qd2 Bf5 16. h3 Qb6+ 17. Kh1 Nf2+ 18. Rxf2 Qxf2 19. Rf1 Qc5 20. Nge4 Qb6 21. d6 Qc6 22. Bxe5 Rxe5 23. Ng5 Rd8 24. Qf4 b5 25. Qh4 Qxd6 26. Qxh7+ Kf8 27. g4 Be6 28. Nce4 Qe7 29. Qxg6 Rxe4 30. Nh7+ Ke8 31. Qxg7 Rxe2 32. Nf6+ Qxf6 33. Rxf6 Rd1+ 0-1